000 00506nam a2200181Ia 4500
005 20250508150326.0
008 008 250505s9999 xx 000 0 eng d
037 _aTextual
040 _aFEDL
_beng
_cFEDL
041 _aeng
_2eng
084 _a891.43, MAD
_qFEDL
100 _aMadan Indar Nath
245 0 _aModern hindi literature: A critical analysis
260 _aLahore
_bThe Minerva Book Shop
_c1939
300 _a240p.
942 _cTEXL
_h891.43, MAD
999 _c1323007
_d1323007